Kỹ thuật sữa chữa tivi màu

Guardat en:
Dades bibliogràfiques
Autor principal: Nguyễn Đức ánh
Format: Llibre
Idioma:Undetermined
Publicat: Hà Nội VHTT 2000
Matèries:
Etiquetes: Afegir etiqueta
Sense etiquetes, Sigues el primer a etiquetar aquest registre!
Thư viện lưu trữ: Trung tâm Học liệu Trường Đại học Cần Thơ
LEADER 00506nam a2200169Ia 4500
001 CTU_39487
008 210402s9999 xx 000 0 und d
082 |a 621.388337 
082 |b A107 
100 |a Nguyễn Đức ánh 
245 0 |a Kỹ thuật sữa chữa tivi màu 
245 0 |c Nguyễn Đức ánh 
260 |a Hà Nội 
260 |b VHTT 
260 |c 2000 
650 |a colour televisions - maintenence and repair 
980 |a Trung tâm Học liệu Trường Đại học Cần Thơ